| 000 | 00493nam a22001577a 4500 | ||
|---|---|---|---|
| 020 | _a9781566764339 | ||
| 040 | _cNust | ||
| 082 |
_a620.118 _bCAR |
||
| 100 |
_aLeif A. Carlsson _9124608 |
||
| 110 |
_aR. Bayron Pipes _9124609 |
||
| 245 | _aExperimental Characterization of advanced Composite Materials | ||
| 250 | _a2nd Edition | ||
| 260 |
_aUSA: _bTechnomic Publishing Company, _c1997. |
||
| 650 |
_aExperimental Characterization of advanced Composite Materials _9124610 |
||
| 942 |
_2ddc _cBK |
||
| 999 |
_c610419 _d610419 |
||